000 00584nam a2200217Ia 4500
003 OSt
005 20220926040601.0
006 a|||||r|||| 00| 0
007 ta
008 220923b |||||||| |||| 00| 0 eng d
037 _cGeneral Book
040 _aRTL
_cRTL
_beng
041 _2eng
_aeng
082 _aX.42.N6, K5
100 _aTsunoyama Sakae
_9343819
245 0 _aConcise economic history of modern Japan
260 _c1965
650 _aEconomics Conditions Japan
_9235427
942 _hX.42.N6, K5
_cGB
_2CC
999 _c665133
_d665133